[Event "AUTO-MASTER-3286"]
[Site "http://www.queenalice.com/game.php?id=1864670"]
[Date "2025.10.24"]
[Round "1"]
[White "Tonto"]
[Black "madriles"]
[Result "1-0"]
[WhiteElo "2042"]
[BlackElo "1965"]

1. e4 e5 2. Nf3 Nf6 3. Nc3 d6 4. Be2 Nc6 5. d3 Be6 6. Be3 Qd7 7. Qd2 O-O-O 8.
Nb5 a6 9. Na3 d5 10. exd5 Nxd5 11. O-O Nxe3 12. Qxe3 g6 13. Nxe5 Nxe5 14. Qxe5
Bd6 15. Qa5 f5 16. b4 Qe7 17. c3 Be5 18. Qxe5 Rhe8 19. Bf3 Rxd3 20. Rfe1 Qf7 21.
Nc4 Rxc3 22. Nb6+ cxb6 23. Qxc3+ Kb8 24. Rad1 Bxa2 25. Rxe8+ Qxe8 26. Qd4 Bb3
27. Qd8+ Qxd8 28. Rxd8+ Kc7 29. Rh8 h5 30. Rh7+ Kd6 31. Rxb7 b5 32. Rb6+ Ke5 33.
Rxg6 Kd4 34. Rxa6 Kc4 35. Bxh5 Kxb4 36. Be2 Bc4 37. Kf1 Kc3 38. h4 b4 39. Rc6
1-0

[Event "AUTO-MASTER-3286"]
[Site "http://www.queenalice.com/game.php?id=1864671"]
[Date "2025.10.24"]
[Round "1"]
[White "madriles"]
[Black "Tonto"]
[Result "1-0"]
[WhiteElo "1952"]
[BlackElo "2021"]

1. d4 e6 2. Nf3 Be7 3. e3 Nf6 4. c3 d5 5. Bd3 b6 6. O-O Bb7 7. Nbd2 a6 8. Re1 c5
9. e4 c4 10. Bc2 O-O 11. e5 Nh5 12. b3 b5 13. h3 f6 14. Nf1 fxe5 15. Nxe5 Nf6
16. Ng3 Nc6 17. Bf4 Bd6 18. Nxc6 Bxc6 19. Qf3 cxb3 20. Bxb3 Bxf4 21. Qxf4 Ne4
22. Qe3 Rxf2 23. Nxe4 Rf5 24. Nc5 e5 25. dxe5 Qb6 26. Ne6 Qb7 27. Qg3 Qe7 28.
Nd4 Qc5 29. Kh1 Rff8 30. Ne6 Qe7 31. Nxf8 Rxf8 32. Rad1 Qe6 33. Rd4 a5 34. Rg4
Rf7 35. Qh4 a4 36. Bc2 h6 37. Rg6 Qe8 38. Qxh6 Kf8 39. Qh8+ Ke7 40. Qxe8+ Kxe8
41. Rxc6 Rf2 42. Bg6+ Ke7 43. a3 Ra2 44. Rf1 Rxa3 45. Rf7+ Kd8 46. e6 Ra1+ 47.
Kh2 Re1 48. Ra6 1-0

[Event "AUTO-MASTER-3286"]
[Site "http://www.queenalice.com/game.php?id=1864684"]
[Date "2025.10.24"]
[Round "1"]
[White "madriles"]
[Black "chessman"]
[Result "0-1"]
[WhiteElo "1975"]
[BlackElo "2127"]

1. d4 d5 2. Nf3 e6 3. e3 c5 4. c3 cxd4 5. cxd4 Nf6 6. Bd3 Nc6 7. O-O Be7 8. Nc3
O-O 9. Qc2 Nb4 10. Qe2 Nxd3 11. Qxd3 Bd7 12. Ne5 a6 13. Nxd7 Qxd7 14. e4 dxe4
15. Nxe4 Nxe4 16. Qxe4 Bf6 17. Be3 b5 18. Rad1 Rac8 19. b3 Qd6 20. d5 exd5 21.
Rxd5 Qc6 22. Rfd1 Rcd8 23. f3 Rxd5 24. Qxd5 Qxd5 25. Rxd5 Rd8 26. Rc5 h6 27. Rc7
Re8 28. Bf2 Re2 29. a4 bxa4 30. bxa4 Ra2 31. Bb6 Rxa4 32. Rc5 Bd4+ 33. Kf1 Bxc5
34. Bxc5 Rc4 35. Be3 Rc2 36. h4 a5 0-1

[Event "AUTO-MASTER-3286"]
[Site "http://www.queenalice.com/game.php?id=1864685"]
[Date "2025.10.24"]
[Round "1"]
[White "chessman"]
[Black "madriles"]
[Result "1-0"]
[WhiteElo "2119"]
[BlackElo "1986"]

1. e4 d6 2. d4 Nf6 3. Bd3 g6 4. Nf3 Bg7 5. O-O O-O 6. Re1 e6 7. Bg5 Nc6 8. c3
Qe8 9. Nbd2 e5 10. d5 Ne7 11. h3 h6 12. Bh4 g5 13. Bg3 c6 14. c4 a6 15. a3 b5
16. dxc6 bxc4 17. Bxc4 Qxc6 18. Qe2 Bb7 19. Ba2 Nd7 20. Rec1 Qb5 21. Qxb5 axb5
22. Rc7 Bc6 23. Rc1 Rfc8 24. Rxc8+ Rxc8 25. b4 Kh8 26. Bxf7 Nf6 27. Be6 Rc7 28.
Nxe5 dxe5 29. Bxe5 Ra7 30. f3 Rxa3 31. Bd6 Bxe4 32. Nxe4 Re3 33. Bxe7 Nxe4 34.
Rc8+ Bf8 35. Rxf8+ Kg7 36. fxe4 1-0

[Event "AUTO-MASTER-3286"]
[Site "http://www.queenalice.com/game.php?id=1864687"]
[Date "2025.10.24"]
[Round "1"]
[White "cerenzo72"]
[Black "madriles"]
[Result "1-0"]
[WhiteElo "2174"]
[BlackElo "1995"]

1. c4 Nf6 2. d4 g6 3. g3 d6 4. Bg2 Bg7 5. Nf3 O-O 6. Nc3 Re8 7. O-O Nbd7 8. e4
e5 9. h3 exd4 10. Nxd4 Nc5 11. Re1 b6 12. Nc6 Qd7 13. e5 dxe5 14. Ne7+ Qxe7 15.
Bxa8 Bxh3 16. Bg2 Bg4 17. Qc2 Nfd7 18. Be3 Qf6 19. Nd5 Qd8 20. b4 Ne6 21. Rac1
c6 22. Nc3 c5 23. bxc5 Ndxc5 24. Nd5 e4 25. Bxe4 Nxe4 26. Qxe4 Bf5 27. Qf3 Nd4
28. Bxd4 Bxd4 29. Rcd1 Rxe1+ 30. Rxe1 Be6 31. Rd1 Bg7 32. Nf4 Qf6 33. Qc6 Bg4
34. Qe8+ Bf8 35. Rd8 Qg7 36. Nd5 Qh6 37. Nf6+ Kh8 38. Nxg4 1-0

[Event "AUTO-MASTER-3295"]
[Site "http://www.queenalice.com/game.php?id=1868877"]
[Date "2026.2.4"]
[Round "1"]
[White "madriles"]
[Black "rockaudrey"]
[Result "0-1"]
[WhiteElo "1956"]
[BlackElo "2287"]

1. d4 d5 2. Nf3 Nf6 3. e3 e6 4. c3 Be7 5. Bd3 O-O 6. Nbd2 b6 7. e4 dxe4 8. Nxe4
Bb7 9. Nxf6+ Bxf6 10. Qc2 g6 11. Bh6 Re8 12. O-O-O Nd7 13. Be4 Bxe4 14. Qxe4 Qe7
15. h4 c5 16. h5 cxd4 17. Nxd4 Nc5 18. Qg4 Bg7 19. hxg6 fxg6 20. Bg5 Bf6 21.
Bxf6 Qxf6 22. Qh3 Re7 23. Nf3 Rae8 24. Nh2 Qxf2 25. Ng4 Qf4+ 26. Kb1 Ne4 27.
Nh6+ Kh8 28. Ka1 Nf2 29. Rdf1 Nxh3 30. Rxf4 Nxf4 0-1

[Event "AUTO-MASTER-3295"]
[Site "http://www.queenalice.com/game.php?id=1868878"]
[Date "2026.2.4"]
[Round "1"]
[White "rockaudrey"]
[Black "madriles"]
[Result "1-0"]
[WhiteElo "2296"]
[BlackElo "1971"]

1. e4 d6 2. Nf3 Nf6 3. Nc3 g6 4. d4 Bg7 5. Be3 O-O 6. Bc4 e6 7. Qd2 Ng4 8. Bg5
f6 9. Bh4 g5 10. Bg3 Kh8 11. O-O-O Nc6 12. h3 Nh6 13. Kb1 a6 14. h4 b5 15. Bd3
f5 16. hxg5 Nf7 17. Qf4 fxe4 18. Qxe4 Nxg5 19. Nxg5 1-0

[Event "AUTO-MASTER-3295"]
[Site "http://www.queenalice.com/game.php?id=1868879"]
[Date "2026.2.4"]
[Round "1"]
[White "madriles"]
[Black "Pin"]
[Result "0-1"]
[WhiteElo "1968"]
[BlackElo "2077"]

1. d4 Nf6 2. Nf3 g6 3. e3 Bg7 4. c3 d5 5. Bd3 O-O 6. O-O a5 7. Nbd2 c6 8. e4
Nbd7 9. e5 Ng4 10. h3 Nh6 11. Re1 c5 12. b3 Rb8 13. c4 cxd4 14. cxd5 Qc7 15. e6
Nf6 16. exf7+ Nxf7 17. Nxd4 Nxd5 18. N2f3 Ne5 19. Nxe5 Bxe5 20. Rb1 Bxd4 21. Rf1
Nc3 22. Qc2 Bxh3 23. Bxg6 Qg3 24. Bxh7+ Kh8 25. Be4 Nxe4 26. Qxe4 Bxf2+ 27. Kh1
Bf5 28. Bb2+ Kg8 29. Qd5+ e6 30. Qd2 Qh4# 0-1

[Event "AUTO-MASTER-3295"]
[Site "http://www.queenalice.com/game.php?id=1868880"]
[Date "2026.2.4"]
[Round "1"]
[White "Pin"]
[Black "madriles"]
[Result "1-0"]
[WhiteElo "2153"]
[BlackElo "1953"]

1. d4 Nf6 2. c4 g6 3. Nf3 d6 4. g3 Bg7 5. Bg2 O-O 6. Nc3 a6 7. O-O Nbd7 8. e4 e5
9. d5 Nb6 10. Qe2 Bg4 11. h3 Bd7 12. b4 Nc8 13. c5 Qe7 14. Bg5 h6 15. Be3 c6 16.
Rfd1 cxd5 17. exd5 Nh7 18. Nh2 e4 19. Rac1 Na7 20. Nxe4 Nc8 21. c6 bxc6 22. dxc6
Bf5 23. Qc4 Nf6 24. Nxf6+ Bxf6 25. c7 Be6 26. Qc6 Ra7 27. Bxa7 Nxa7 28. Qxd6 Qe8
29. Qxa6 Nc8 30. b5 Bd7 31. b6 Bb5 32. Qa5 Be5 33. b7 1-0